| 000 | 00594nam a2200217Ia 4500 | ||
|---|---|---|---|
| 003 | OSt | ||
| 005 | 20230331122319.0 | ||
| 008 | 210423s2009 xx 000 0 und d | ||
| 020 | _a978-1-84816-359-1 | ||
| 040 | _cAL | ||
| 041 | _aeng | ||
| 082 |
_a515 _223 _bMASU |
||
| 100 |
_aMASON (John);KLYMCHUK (Sergiy) _980883 |
||
| 245 | _aUsing counter examples in calculus | ||
| 260 |
_aLondon _bImperial College Press _c2009 |
||
| 300 |
_axv,98 _bPB |
||
| 365 |
_b2557.4 _cUSD |
||
| 650 |
_aMathematical Analysis _980884 |
||
| 906 | _acalculus ; counter ; examples ; Using | ||
| 942 |
_2ddc _cBK |
||
| 999 |
_c168923 _d168923 |
||